المعلم الجديد : (رقم التسجيلة. 98740)

تفاصيل مارك
000 -الفاتح
عناصر البيانات ثابتة الطول 00970cam a2200229 i 4500
005 - تاريخ ووقت آخر معاملة
حقل ضبط 20260203095230.0
008 - عناصر البيانات ثابتة الطول
عناصر البيانات ثابتة الطول 250721s2006 jo gr 000 0 ara d
020 ## - الترقيم الدولي المعياري للكتب (ردمك)
الترقيم الدولي المعياري للكتب (ردمك) 9957321080
082 14 - رقم تصنيف ديوي العشري
رقم التصنيف 371.14
رقم المادة ت ر ت
100 1# - مدخل رئيسي – اسم شخصي
الاسم الشخصي الترتوري، محمد عوض
علاقة الشخص بالعمل/ دوره معد. محمد عوض الترتوري.
245 12 - بيان العنوان
العنوان المعلم الجديد :
بقية العنوان دليل المعلم في الإدارة الصفية الفعالة /
بيان المسؤولية إعداد د.محمد عوض الترتوري، د. محمد فرحان القضاة.
250 ## - بيان الطبعة
بيان الطبعة الطبعة الأولى.
264 31 - بيانات النشر، التوزيع…إلخ
مكان النشر، التوزيع...إلخ عمان :
اسم الناشر، الموزع...إلخ دارالحامد للنشر و التوزيع،
تاريخ النشر، التوزيع...إلخ 2006.
300 ## - الوصف المادي
عدد الوحدات المكونة للوعاء 455 صفحة.
650 17 - مدخل إضافي بالموضوع - مصطلح موضوعي
مصطلح موضوعي أو اسم جغرافي كعنصر مدخل الإدارة المدرسية.
650 17 - مدخل إضافي بالموضوع - مصطلح موضوعي
مصطلح موضوعي أو اسم جغرافي كعنصر مدخل الإدارة التربوية.
650 17 - مدخل إضافي بالموضوع - مصطلح موضوعي
مصطلح موضوعي أو اسم جغرافي كعنصر مدخل أساليب التدريس.
650 17 - مدخل إضافي بالموضوع - مصطلح موضوعي
مصطلح موضوعي أو اسم جغرافي كعنصر مدخل المعلمون.
700 1# - مدخل إضافي - اسم شخصي
الاسم الشخصي القضاة، محمد فرحان
علاقة الشخص بالعمل/ دوره معد.
942 ## - بيانات إضافية (كوها)
نوع التنصيف Dewey Decimal Classification
نوع المادة (كوها) كتب
المقتنيات
حالة السحب حالة الفقدان مصدر التصنيف حالة التلف غير قابل للإعارة المكتبة الرئيسية المكتبة الحالية موقع الرف تاريخ التزويد الرقم المتسلسل Total Checkouts رقم الإستدعاء الباركود تاريخ آخر ظهور تاريخ الفاتورة نوع المادة (كوها)
    Dewey Decimal Classification   Not For Loan المكتبة المركزية المكتبة المركزية مقتنيات قسم التزويد 28/07/2025 1017565   371.14/ترت 1017565 28/07/2025 28/07/2025 كتب
    Dewey Decimal Classification   Not For Loan المكتبة المركزية المكتبة المركزية مقتنيات قسم التزويد 28/07/2025 1017566   371.14/ترت 1017566 28/07/2025 28/07/2025 كتب
    Dewey Decimal Classification   Not For Loan المكتبة المركزية المكتبة المركزية مقتنيات قسم التزويد 28/07/2025 1017567   371.14/ترت 1017567 28/07/2025 28/07/2025 كتب
    Dewey Decimal Classification   Not For Loan المكتبة المركزية المكتبة المركزية مقتنيات قسم التزويد 28/07/2025 1017568   371.14/ترت 1017568 28/07/2025 28/07/2025 كتب
    Dewey Decimal Classification   Not For Loan المكتبة المركزية المكتبة المركزية مقتنيات قسم التزويد 28/07/2025 1017569   371.14/ترت 1017569 28/07/2025 28/07/2025 كتب
    Dewey Decimal Classification   Not For Loan المكتبة المركزية المكتبة المركزية مقتنيات قسم التزويد 28/07/2025 1017570   371.14/ترت 1017570 28/07/2025 28/07/2025 كتب
    Dewey Decimal Classification     المكتبة المركزية المكتبة المركزية الإعارة 26/04/2016 1625762   371.14/ترت PLD00388272 28/07/2025 26/04/2016 كتب
    Dewey Decimal Classification     المكتبة المركزية المكتبة المركزية الإعارة 11/06/2016 1626213   371.14 / ت ر ت PLD00391147 28/07/2025 11/06/2016 كتب
    Dewey Decimal Classification     مكتبة أبو علندا العامة مكتبة أبو علندا العامة الإعارة 28/07/2025 1017580   371.14/ترت 1017580 28/07/2025 28/07/2025 كتب
    Dewey Decimal Classification     مكتبة أم قصير والمقابلين العامة مكتبة أم قصير والمقابلين العامة الإعارة 28/07/2025 1017579   371.14/ترت 1017579 28/07/2025 28/07/2025 كتب
    Dewey Decimal Classification     مكتبة الأميرة ايمان العامة مكتبة الأميرة ايمان العامة الإعارة 28/07/2025 1017571   371.14/ترت 1017571 28/07/2025 28/07/2025 كتب
    Dewey Decimal Classification     مكتبة البراءة للأطفال مكتبة البراءة للأطفال الإعارة 28/07/2025 1017583   371.14/ترت 1017583 28/07/2025 28/07/2025 كتب
    Dewey Decimal Classification     مكتبة الجويدة مكتبة الجويدة الإعارة 28/07/2025 1017575   371.14/ترت 1017575 28/07/2025 28/07/2025 كتب
    Dewey Decimal Classification     مكتبة الحسن العامة مكتبة الحسن العامة الإعارة 28/07/2025 1017576   371.14/ترت 1017576 28/07/2025 28/07/2025 كتب
    Dewey Decimal Classification     مكتبة النصر العامة مكتبة النصر العامة الإعارة 28/07/2025 1017582   371.14/ترت 1017582 28/07/2025 28/07/2025 كتب
    Dewey Decimal Classification     مكتبة حمزة العامة مكتبة حمزة العامة الإعارة 28/07/2025 1017577   371.14/ترت 1017577 28/07/2025 28/07/2025 كتب
    Dewey Decimal Classification     مكتبة صويلح العامة مكتبة صويلح العامة الإعارة 28/07/2025 1017572   371.14/ترت 1017572 28/07/2025 28/07/2025 كتب
    Dewey Decimal Classification     مكتبة وادي السير العامة مكتبة وادي السير العامة الإعارة 28/07/2025 1017581   371.14/ترت 1017581 28/07/2025 28/07/2025 كتب
Implemented & Customized by: BBB with SCIT (Smart Chains for Information Technology)

Powered by Koha